Central Library OPAC University of Rajshahi

Evolution, Marxian biology, and the social scene / (Record no. 29919)

MARC details
000 -LEADER
fixed length control field 00872cam a22002891 4500
001 - CONTROL NUMBER
control field 29919
003 - CONTROL NUMBER IDENTIFIER
rucl marc code BD-RjUL
005 - DATE AND TIME OF LATEST TRANSACTION
control field 20211209051500.0
008 - FIXED-LENGTH DATA ELEMENTS--GENERAL INFORMATION
fixed length control field 140408s1959 pau b 001 0 eng
035 ## - SYSTEM CONTROL NUMBER
System control number (BD-RjUL)30004
040 ## - CATALOGING SOURCE
Original cataloging agency DLC/ICU
Transcribing agency ICU
Modifying agency DLC
-- BD-RjUL
Language of cataloging eng
041 ## - LANGUAGE CODE
Language code of text/sound track or separate title eng
082 00 - DEWEY DECIMAL CLASSIFICATION NUMBER
Classification number 575
Author mark and year ZIE 1959
100 1# - MAIN ENTRY--PERSONAL NAME
Personal name Zirkle, Conway,
Dates associated with a name 1895-
9 (RLIN) 91026
245 10 - TITLE STATEMENT
Title Evolution, Marxian biology, and the social scene /
Statement of responsibility, etc. Conway Zirkle.
260 ## - PUBLICATION, DISTRIBUTION, ETC. (IMPRINT)
Place of publication, distribution, etc. Philadelphia :
Name of publisher, distributor, etc. University of Pennsylvania press,
Date of publication, distribution, etc. 1959.
300 ## - PHYSICAL DESCRIPTION
Pagination 527 p. ;
Size 22 cm.
504 ## - BIBLIOGRAPHY, ETC. NOTE
Bibliography, etc Includes bibliography and index.
650 #0 - SUBJECT ADDED ENTRY--TOPICAL TERM
Topical term or geographic name as entry element Genetics
General subdivision History.
9 (RLIN) 91027
Topical term or geographic name as entry element Evolution (Biology)
9 (RLIN) 91028
Topical term or geographic name as entry element Socialism.
9 (RLIN) 91029
Topical term or geographic name as entry element Literature and science.
9 (RLIN) 53108
942 ## - ADDED ENTRY ELEMENTS (KOHA)
Source of classification or shelving scheme Dewey Decimal Classification
Koha item type Books
Holdings
Lost status Source of classification or shelving scheme Damaged status Not for loan Collection code Permanent Location Current Location Shelving location Date acquired Source of acquisition Cost, normal purchase price Total Checkouts Full call number Date last seen Copy number Koha item type
  Dewey Decimal Classification   Added to bundle Non-fiction Central Library, University of Rajshahi Central Library, University of Rajshahi Reading Room 26/08/1961 Mirja Book Agency 37.50   575 ZIE 1959 08/04/2014 C-1 Books